The architectural project / (Record no. 7484)

000 -LEADER
fixed length control field 01501cam a22003014a 4500
005 - DATE AND TIME OF LATEST TRANSACTION
control field 20200310120625.0
008 - FIXED-LENGTH DATA ELEMENTS--GENERAL INFORMATION
fixed length control field 020802s2003 txua b 001 0 eng
010 ## - LIBRARY OF CONGRESS CONTROL NUMBER
LC control number 2002012408
020 ## - INTERNATIONAL STANDARD BOOK NUMBER
International Standard Book Number 1585441864 (alk. paper)
040 ## - CATALOGING SOURCE
Original cataloging agency DLC
Transcribing agency DLC
Modifying agency DLC
042 ## - AUTHENTICATION CODE
Authentication code pcc
082 00 - DEWEY DECIMAL CLASSIFICATION NUMBER
Classification number 720
Edition number 21
Item number MAR
100 1# - MAIN ENTRY--PERSONAL NAME
Personal name Corona Martínez, Alfonso.
245 14 - TITLE STATEMENT
Title The architectural project /
Statement of responsibility, etc by Alfonso Corona-Martinez ; edited by Malcolm Quantrill ; translated by Alfonso Corona-Martinez and Malcolm Quantrill.
250 ## - EDITION STATEMENT
Edition statement 1st ed.
260 ## - PUBLICATION, DISTRIBUTION, ETC. (IMPRINT)
Place of publication, distribution, etc College Station :
Name of publisher, distributor, etc Texas A&M University Press,
Date of publication, distribution, etc c2003.
300 ## - PHYSICAL DESCRIPTION
Extent xvi, 213 p. :
Other physical details ill. ;
Dimensions 25 cm.
440 #0 - SERIES STATEMENT/ADDED ENTRY--TITLE
Title Studies in architecture and culture ;
Volume number/sequential designation no. 6
504 ## - BIBLIOGRAPHY, ETC. NOTE
Bibliography, etc Includes bibliographical references (p. [187]-198) and index.
505 0# - FORMATTED CONTENTS NOTE
Formatted contents note Design processes -- Description generation -- Design education -- The two faces of functionalism -- Typology -- Development of the project: the elements of architecture -- Elements of composition -- Changes in design method: the future in the present.
650 #0 - SUBJECT ADDED ENTRY--TOPICAL TERM
Topical term or geographic name as entry element Architectural design.
650 #0 - SUBJECT ADDED ENTRY--TOPICAL TERM
Topical term or geographic name as entry element Architectural design
General subdivision Study and teaching.
700 1# - ADDED ENTRY--PERSONAL NAME
Personal name Quantrill, Malcolm,
Dates associated with a name 1931-
856 41 - ELECTRONIC LOCATION AND ACCESS
Materials specified Table of contents
Uniform Resource Identifier <a href="http://www.loc.gov/catdir/toc/fy038/2002012408.html">http://www.loc.gov/catdir/toc/fy038/2002012408.html</a>
906 ## - LOCAL DATA ELEMENT F, LDF (RLIN)
a 7
b cbc
c orignew
d 1
e ecip
f 20
g y-gencatlg
942 ## - ADDED ENTRY ELEMENTS (KOHA)
Source of classification or shelving scheme
955 ## - COPY-LEVEL INFORMATION (RLIN)
Classification number, CCAL (RLIN) jh52 2002-08-02
Copy information and material description, CCAL + MDES (RLIN) jh52 2002-08-02
Classification number, CCAL (RLIN) aa05 2002-08-06
-- pso6 2003-01-29 1 copy rec'd., to CIP ver.
-- jh00 2003-02-07
-- jb18 2004-01-09 Copy 2 to BCCD
Holdings
Withdrawn status Lost status Source of classification or shelving scheme Damaged status Koha normalized classification for sorting Not for loan Permanent location Current location Date acquired Full call number Barcode Date last seen Price effective from Koha item type
        720_000000000000000_MAR   BMS College of Architecture, Design and Planning BMS College of Architecture, Design and Planning 2020-03-10 720 MAR AR-UG1600 2020-03-10 2020-03-10 UG Books
Copyright © 2025, The Librarian, Library and Information Centre, BMSCA D&P, Bengaluru. All Rights Reserved
web counter

Powered by Koha